Tracing Common Themes (Record no. 8647)

MARC details
000 -LEADER
fixed length control field 00375nam a2200157 a 4500
020 ## - INTERNATIONAL STANDARD BOOK NUMBER
ISBN 1555400
082 00 - DEWEY DECIMAL CLASSIFICATION NUMBER
Classification number 291
Author Cutter CAR
100 ## - MAIN ENTRY--AUTHOR NAME
Author name Carman, John B
245 ## - TITLE STATEMENT
Title Tracing Common Themes
260 ## - PUBLICATION, DISTRIBUTION, ETC. (IMPRINT)
Place of publication Georgia
Name of publisher Scholar Press
Year of publication 1991
300 ## - PHYSICAL DESCRIPTION
Number of Pages 318p
500 ## - GENERAL NOTE
General note includes index and biblioraphy
505 2# - FORMATTED CONTENTS NOTE
Formatted contents note Index
650 ## - SUBJECT ADDED ENTRY--TOPICAL TERM
Topical Term Religion-Study and Teaching
942 ## - ADDED ENTRY ELEMENTS (KOHA)
Koha item type Books
Holdings
Home library Current library Date acquired Cost, normal purchase price Full call number Accession Number Koha item type
Henry Martyn Institute Library Henry Martyn Institute Library 07/31/2007 1541.54 291 CAR 014933 Books
                   Copyright © 2026 | Henry Martyn Institute | Hyderabad | TS-500052 | INDIA | Implemented by hmi.edu.in
Hit-Count:

Powered by Koha